[Event "4th Batumi Cup 2018"]
[Site "Batumi"]
[Date "2018.07.05"]
[Round "4"]
[White "Bashirov, Teymur"]
[Black "Mammadova, Narmin"]
[Result "0-1"]
[WhiteElo "2379"]
[BlackElo "2209"]
[Annotator "NA"]
[PlyCount "145"]
[EventDate "2018.07.03"]
[EventType "swiss"]
[EventCountry "GEO"]
[SourceTitle "playchess.com"]
[Source "ChessBase"]
[SourceQuality "1"]
[TimeControl "40/5400+30:1800+30"]

1. d4 {[%emt 0:00:00]} d5 {[%emt 0:00:33]} 2. c4 {[%emt 0:00:07]} dxc4 {[%emt 0:00:57]} 3. e3 {[%emt 0:00:25]} Nf6 {[%emt 0:00:14]} 4. Bxc4 {[%emt 0:00:16]} e6 {[%emt 0:00:12]} 5. Nf3 {[%emt 0:00:26]} a6 {[%emt 0:01:10]} 6. O-O {[%emt 0:01:54]} b5 {[%emt 0:01:46]} 7. Be2 {[%emt 0:03:28]} Bb7 {[%emt 0:00:43]} 8. b3 {[%emt 0:03:19]} Nbd7 {[%emt 0:01:19]} 9. Bb2 {[%emt 0:01:31]} Be7 {[%emt 0:05:04]} 10. Nbd2 {[%emt 0:09:37]} c5 {[%emt 0:05:42] LiveBook: 46 Games} 11. Rc1 {[%emt 0:10:49]} Rc8 $11 {[%emt 0:02:23]} 12. a4 {[%emt 0:10:26]} bxa4 {[%emt 0:19:31]} 13. bxa4 {[%emt 0:00:04]} O-O {[%emt 0:00:47]} 14. Rb1 {[%emt 0:07:22]} Rc7 {[%emt 0:09:48]} 15. Bc3 {[%emt 0:03:12]} Qa8 {[%emt 0:03:09]} 16. Ne1 {[%emt 0:16:36]} cxd4 {[%emt 0:04:54]} 17. Bxd4 {[%emt 0:00:41]} Rfc8 {[%emt 0:00:10]} 18. Bf3 {[%emt 0:01:02]} e5 {[%emt 0:11:51]} 19. Ba1 {[%emt 0:05:18]} e4 {[%emt 0:02:10]} 20. Be2 {[%emt 0:00:02]} Bd5 {[%emt 0:01:24]} 21. Nb3 {[%emt 0:03:28]} Ba3 {[%emt 0:06:21]} 22. g3 {[%emt 0:04:27]} Bc4 {[%emt 0:13:10]} 23. Nd4 {[%emt 0:03:53]} Ba2 {[%emt 0:03:11]} 24. Nec2 {[%emt 0:02:40]} Bxb1 {[%emt 0:00:12]} 25. Qxb1 {[%emt 0:00:19]} Bf8 {[%emt 0:00:33]} 26. Rd1 {[%emt 0:01:18]} Nd5 {[%emt 0:02:57]} 27. Bg4 {[%emt 0:01:17]} Rb8 {[%emt 0:00:15]} 28. Qa2 {[%emt 0:00:34]} N7f6 {[%emt 0:00:55]} 29. Bh3 {[%emt 0:00:52]} Qb7 {[%emt 0:00:52]} 30. Bf1 {[%emt 0:06:51]} Rbc8 {[%emt 0:00:49]} 31. Bh3 {[%emt 0:00:27]} Rb8 {[%emt 0:00:19]} 32. Bf1 {[%emt 0:00:02]} Qc8 {[%emt 0:00:49]} 33. Rb1 {[%emt 0:01:34]} Rxb1 {[%emt 0:00:35]} 34. Qxb1 {[%emt 0:00:01]} a5 {[%emt 0:01:10]} 35. Qb3 {[%emt 0:01:27]} Rb7 {[%emt 0:01:02]} 36. Nb5 {[%emt 0:00:58]} Qc5 {[%emt 0:00:28]} 37. Bd4 {[%emt 0:00:31]} Qc6 {[%emt 0:00:25]} 38. Bb2 {[%emt 0:00:34]} Rd7 {[%emt 0:00:34]} 39. Ncd4 {[%emt 0:00:26]} Qb7 {[%emt 0:00:30]} 40. Bh3 {[%emt 0:00:46]} Rd8 {[%emt 0:00:00]} 41. Kg2 {[%emt 0:00:58]} Nb4 {[%emt 0:03:16]} 42. Nc3 {[%emt 0:05:52]} Qc7 {[%emt 0:04:52]} 43. Ncb5 {[%emt 0:02:54]} Qb6 {[%emt 0:07:23]} 44. Nc3 {[%emt 0:04:24]} Rb8 {[%emt 0:04:01]} 45. Ncb5 {[%emt 0:04:01]} Nd3 {[%emt 0:01:45]} 46. Bc3 {[%emt 0:02:53]} Bb4 {[%emt 0:02:25]} 47. Nf5 {[%emt 0:04:26]} Bxc3 {[%emt 0:03:35]} 48. Qxc3 {[%emt 0:00:02]} Qc5 {[%emt 0:04:05]} 49. Qd2 {[%emt 0:07:10]} Qb4 {[%emt 0:01:58]} 50. Qa2 {[%emt 0:02:39]} Qb2 {[%emt 0:00:59]} 51. Qxb2 {[%emt 0:00:02]} Nxb2 {[%emt 0:00:03]} 52. Ne7+ {[%emt 0:00:15]} Kf8 {[%emt 0:00:03]} 53. Nc6 {[%emt 0:00:17]} Rb6 {[%emt 0:00:18]} 54. Nxa5 {[%emt 0:00:36]} Nxa4 {[%emt 0:00:21]} 55. Nd4 {[%emt 0:00:31]} Nc5 {[%emt 0:01:16]} 56. Nc4 {[%emt 0:00:44]} Rb1 {[%emt 0:01:24]} 57. Bc8 {[%emt 0:00:51]} Rc1 {[%emt 0:01:03]} 58. Nd2 {[%emt 0:00:18]} Ke7 {[%emt 0:00:41]} 59. h4 {[%emt 0:00:30]} Kd8 {[%emt 0:00:22]} 60. Bh3 {[%emt 0:00:18]} Rd1 {[%emt 0:00:42]} 61. Nc4 {[%emt 0:00:19]} h5 {[%emt 0:00:18]} 62. Bf5 {[%emt 0:01:11]} g6 {[%emt 0:00:11]} 63. Bh3 {[%emt 0:00:01]} Nd3 {[%emt 0:00:30]} 64. Nc6+ {[%emt 0:01:15]} Ke8 {[%emt 0:00:28]} 65. Nd4 {[%emt 0:00:02]} Kf8 {[%emt 0:00:36]} 66. Bc8 {[%emt 0:00:47]} Rc1 {[%emt 0:00:45]} 67. Nd6 {[%emt 0:00:06]} Ke7 {[%emt 0:00:21]} 68. N4b5 {[%emt 0:01:04]} Rc2 {[%emt 0:00:09]} 69. Bb7 {[%emt 0:00:22]} Rxf2+ {[%emt 0:00:37]} 70. Kg1 {[%emt 0:00:41]} Rf3 {[%emt 0:00:24]} 71. Nxe4 {[%emt 0:00:28]} Nxe4 {[%emt 0:00:21]} 72. Bxe4 {[%emt 0:00:26]} Rxg3+ {[%emt 0:00:04]} 73. Kh2 {[%emt 0:01:07]} 0-1

[Event "4th Batumi Cup 2018"]
[Site "Batumi"]
[Date "2018.07.05"]
[Round "4"]
[White "Mgeladze, Tamaz"]
[Black "Sattarov, Bobir"]
[Result "1-0"]
[WhiteElo "2374"]
[BlackElo "2328"]
[Annotator "NA"]
[PlyCount "109"]
[EventDate "2018.07.03"]
[EventType "swiss"]
[EventCountry "GEO"]
[SourceTitle "playchess.com"]
[Source "ChessBase"]
[SourceQuality "1"]
[TimeControl "40/5400+30:1800+30"]

1. c4 {[%emt 0:00:00]} Nf6 {[%emt 0:00:00]} 2. g3 {[%emt 0:00:49]} g6 {[%emt 0:00:36]} 3. Bg2 {[%emt 0:00:35]} Bg7 {[%emt 0:00:03]} 4. Nf3 {[%emt 0:00:09]} O-O {[%emt 0:00:09]} 5. O-O {[%emt 0:00:05]} d6 {[%emt 0:00:06]} 6. Nc3 {[%emt 0:00:29]} Nc6 {[%emt 0:00:07]} 7. Rb1 {[%emt 0:00:32]} a5 {[%emt 0:00:07]} 8. d3 {[%emt 0:00:33]} h6 {[%emt 0:00:29]} 9. a3 {[%emt 0:00:08]} e5 {[%emt 0:00:07]} 10. b4 {[%emt 0:00:06]} axb4 {[%emt 0:00:06]} 11. axb4 {[%emt 0:00:02]} Be6 {[%emt 0:00:09]} 12. b5 {[%emt 0:00:06]} Ne7 {[%emt 0:00:06]} 13. Qb3 {[%emt 0:03:12]} Qd7 {[%emt 0:01:03]} 14. Rd1 {[%emt 0:00:28]} Bh3 {[%emt 0:00:42]} 15. Bh1 {[%emt 0:00:07]} Ng4 {[%emt 0:00:15]} 16. Bb2 {[%emt 0:00:39]} f5 {[%emt 0:28:14]} 17. Ra1 {[%emt 0:07:35]} Rab8 $11 {[%emt 0:00:27]} 18. Ra7 {[%emt 0:09:55]} Kh8 {[%emt 0:02:52]} 19. Rda1 {[%emt 0:04:42]} f4 {[%emt 0:00:48]} 20. Ne4 {[%emt 0:00:23]} Nf5 {[%emt 0:02:10]} 21. Bg2 {[%emt 0:04:12]} Bxg2 {[%emt 0:01:36]} 22. Kxg2 {[%emt 0:00:06]} g5 {[%emt 0:09:59]} 23. h3 {[%emt 0:01:54]} Nge3+ {[%emt 0:10:04]} 24. fxe3 {[%emt 0:06:21]} Nxe3+ {[%emt 0:01:46]} 25. Kf2 {[%emt 0:00:11]} Qxh3 {[%emt 0:00:44]} 26. gxf4 {[%emt 0:01:21]} g4 {[%emt 0:05:30]} 27. Kxe3 {[%emt 0:07:21]} gxf3 {[%emt 0:00:35]} 28. Kd2 {[%emt 0:01:42]} Qh2 {[%emt 0:12:00]} 29. Re1 {[%emt 0:11:55]} Qxf4+ {[%emt 0:07:19]} 30. e3 {[%emt 0:00:29]} Qh2+ {[%emt 0:00:16]} 31. Kc3 {[%emt 0:00:04]} f2 {[%emt 0:02:36]} 32. Rf1 {[%emt 0:00:07]} Qh3 {[%emt 0:00:15]} 33. Raa1 {[%emt 0:05:33]} Qxe3 {[%emt 0:00:38]} 34. Qd1 {[%emt 0:02:55]} Rf3 {[%emt 0:06:24]} 35. Kc2 {[%emt 0:01:35]} Rbf8 {[%emt 0:00:20]} 36. Qd2 {[%emt 0:00:47]} Qb6 {[%emt 0:00:38]} 37. Bc3 {[%emt 0:02:37]} d5 {[%emt 0:03:41]} 38. cxd5 {[%emt 0:00:28]} Kh7 {[%emt 0:02:54]} 39. Rab1 {[%emt 0:07:23]} Qa7 {[%emt 0:00:37]} 40. b6 {[%emt 0:00:00]} Qa2+ {[%emt 0:00:00]} 41. Rb2 {[%emt 0:06:52]} Qxd5 {[%emt 0:15:26]} 42. bxc7 {[%emt 0:05:40]} Qc6 {[%emt 0:00:56]} 43. Rxf2 {[%emt 0:02:22]} Qxc7 {[%emt 0:01:48]} 44. Rxf3 {[%emt 0:00:41]} Rxf3 {[%emt 0:00:03]} 45. Qg2 {[%emt 0:00:51]} Rf7 {[%emt 0:00:02]} 46. Qh3 {[%emt 0:01:40]} Kh8 {[%emt 0:04:40]} 47. Qe6 {[%emt 0:01:46]} Rf1 {[%emt 0:01:06]} 48. Qd5 {[%emt 0:01:40]} Rf7 {[%emt 0:02:29]} 49. Ra2 {[%emt 0:00:24]} Rf8 {[%emt 0:02:06]} 50. Ra7 {[%emt 0:01:27]} Rf7 {[%emt 0:01:54]} 51. Ra8+ {[%emt 0:00:49]} Kh7 {[%emt 0:00:02]} 52. Re8 {[%emt 0:01:26]} b5 {[%emt 0:02:04]} 53. Nd6 {[%emt 0:07:03]} Rf2+ {[%emt 0:00:43]} 54. Kb3 {[%emt 0:00:21]} Qa7 {[%emt 0:01:02]} 55. Qe4+ {[%emt 0:00:07]} 1-0

[Event "4th Batumi Cup 2018"]
[Site "Batumi"]
[Date "2018.07.05"]
[Round "4"]
[White "Pogosyan, Stefan"]
[Black "Tereladze, Sopiko"]
[Result "1-0"]
[WhiteElo "2356"]
[BlackElo "2169"]
[Annotator "NA"]
[PlyCount "109"]
[EventDate "2018.07.03"]
[EventType "swiss"]
[EventCountry "GEO"]
[SourceTitle "playchess.com"]
[Source "ChessBase"]
[SourceQuality "1"]
[TimeControl "40/5400+30:1800+30"]

1. e4 {[%emt 0:00:00]} e5 {[%emt 0:04:30]} 2. Nf3 {[%emt 0:00:00]} Nc6 {[%emt 0:00:05]} 3. Bb5 {[%emt 0:00:00]} a6 {[%emt 0:00:09]} 4. Ba4 {[%emt 0:00:10]} Nf6 {[%emt 0:00:09]} 5. O-O {[%emt 0:00:12]} Be7 {[%emt 0:00:06]} 6. Bxc6 {[%emt 0:00:16]} dxc6 {[%emt 0:00:55]} 7. d3 {[%emt 0:00:29]} Bd6 {[%emt 0:03:26]} 8. Nbd2 {[%emt 0:01:46]} Be6 {[%emt 0:18:18]} 9. b3 {[%emt 0:01:45]} Nd7 {[%emt 0:02:21]} 10. Nc4 {[%emt 0:00:34]} Bxc4 {[%emt 0:04:34]} 11. dxc4 {[%emt 0:04:28]} Qe7 {[%emt 0:01:34]} 12. Bg5 {[%emt 0:02:28]} f6 {[%emt 0:04:59]} 13. Bd2 {[%emt 0:01:19]} Nc5 {[%emt 0:02:44]} 14. b4 {[%emt 0:01:29]} Nxe4 {[%emt 0:01:47]} 15. c5 {[%emt 0:00:05]} Bxc5 {[%emt 0:06:57]} 16. bxc5 {[%emt 0:00:06]} Qxc5 {[%emt 0:00:13]} 17. Be3 {[%emt 0:05:42]} Qd5 {[%emt 0:01:03]} 18. Qb1 {[%emt 0:04:26]} Nd6 {[%emt 0:10:41]} 19. Rd1 {[%emt 0:01:26]} Qb5 {[%emt 0:08:31]} 20. Qb3 {[%emt 0:01:01]} Qxb3 {[%emt 0:02:02]} 21. axb3 {[%emt 0:00:54]} Kf7 {[%emt 0:01:19]} 22. Bb6 {[%emt 0:08:36]} cxb6 {[%emt 0:01:02]} 23. Rxd6 {[%emt 0:00:01]} Rhd8 {[%emt 0:00:19]} 24. Rdd1 {[%emt 0:04:03]} Ke6 {[%emt 0:02:46]} 25. Kf1 {[%emt 0:00:19]} Rxd1+ {[%emt 0:00:58]} 26. Rxd1 {[%emt 0:00:01]} a5 {[%emt 0:00:28]} 27. Ke2 {[%emt 0:02:51]} b5 {[%emt 0:04:31]} 28. Nd2 {[%emt 0:04:44]} f5 {[%emt 0:06:21]} 29. c4 {[%emt 0:06:43]} bxc4 {[%emt 0:02:57]} 30. Nxc4 {[%emt 0:00:14]} b5 {[%emt 0:00:57]} 31. Nb2 {[%emt 0:00:52]} a4 {[%emt 0:02:18]} 32. bxa4 {[%emt 0:00:26]} bxa4 {[%emt 0:00:01]} 33. Ra1 {[%emt 0:03:19]} a3 {[%emt 0:00:11]} 34. Nc4 {[%emt 0:00:08]} a2 {[%emt 0:00:15]} 35. Ne3 {[%emt 0:08:44]} e4 {[%emt 0:02:12]} 36. Nd1 {[%emt 0:01:01]} Kd5 {[%emt 0:02:21]} 37. Nc3+ {[%emt 0:03:49]} Kc4 {[%emt 0:00:46]} 38. Nxa2 {[%emt 0:00:07]} Ra3 {[%emt 0:00:08]} 39. Rc1+ {[%emt 0:01:16]} Kb5 {[%emt 0:03:18]} 40. Rc2 {[%emt 0:00:00]} c5 {[%emt 0:00:00]} 41. Nc3+ {[%emt 0:01:42]} Kc6 {[%emt 0:05:52]} 42. Ke3 {[%emt 0:00:48]} g6 {[%emt 0:00:56]} 43. h3 {[%emt 0:02:02]} h6 {[%emt 0:02:37]} 44. g4 {[%emt 0:01:06]} Kd6 {[%emt 0:00:18]} 45. Kf4 {[%emt 0:23:31]} Ke6 {[%emt 0:00:49]} 46. h4 {[%emt 0:00:08]} Rb3 {[%emt 0:01:18]} 47. Rc1 {[%emt 0:01:25]} Rb4 {[%emt 0:13:19]} 48. gxf5+ {[%emt 0:02:50]} gxf5 {[%emt 0:00:01]} 49. Nd1 {[%emt 0:00:27]} Rd4 {[%emt 0:03:00]} 50. Ne3 {[%emt 0:00:28]} Rd2 {[%emt 0:02:01]} 51. Rc2 {[%emt 0:00:10]} Rxc2 {[%emt 0:00:51]} 52. Nxc2 {[%emt 0:00:06]} c4 {[%emt 0:01:23]} 53. h5 {[%emt 0:00:16]} c3 {[%emt 0:00:31]} 54. Ne3 {[%emt 0:00:08]} Kf6 {[%emt 0:00:23]} 55. Nd5+ {[%emt 0:00:10]} 1-0

[Event "4th Batumi Cup 2018"]
[Site "Batumi"]
[Date "2018.07.05"]
[Round "4"]
[White "Lomsadze, Davit"]
[Black "Garayev, Kanan"]
[Result "1/2-1/2"]
[WhiteElo "2348"]
[BlackElo "2300"]
[Annotator "NA"]
[PlyCount "100"]
[EventDate "2018.07.03"]
[EventType "swiss"]
[EventCountry "GEO"]
[SourceTitle "playchess.com"]
[Source "ChessBase"]
[SourceQuality "1"]
[TimeControl "40/5400+30:1800+30"]

1. Nf3 {[%emt 0:00:00]} g6 {[%emt 0:00:00]} 2. g3 {[%emt 0:00:00]} Bg7 {[%emt 0:00:00]} 3. Bg2 {[%emt 0:00:00]} c5 {[%emt 0:00:00]} 4. O-O {[%emt 0:00:00]} Nc6 {[%emt 0:00:00]} 5. d3 {[%emt 0:00:17]} e6 {[%emt 0:00:22]} 6. Nc3 {[%emt 0:00:35]} Nge7 {[%emt 0:01:17]} 7. Bd2 {[%emt 0:00:05]} d5 {[%emt 0:08:54]} 8. a3 {[%emt 0:01:12]} b6 {[%emt 0:07:39]} 9. Rb1 {[%emt 0:00:19]} a5 {[%emt 0:01:32]} 10. e4 {[%emt 0:05:20]} Bb7 {[%emt 0:03:56]} 11. exd5 {[%emt 0:05:48]} exd5 {[%emt 0:10:28]} 12. Bf4 {[%emt 0:02:15]} O-O {[%emt 0:01:19]} 13. Qd2 {[%emt 0:00:36]} Nf5 $11 {[%emt 0:02:11]} 14. Nb5 {[%emt 0:04:56]} Ncd4 {[%emt 0:03:04]} 15. Nfxd4 {[%emt 0:02:04]} Nxd4 {[%emt 0:00:26]} 16. Nxd4 {[%emt 0:00:44]} cxd4 {[%emt 0:05:14]} 17. Rfe1 {[%emt 0:01:52]} Rc8 {[%emt 0:04:01]} 18. h4 {[%emt 0:02:34]} h5 {[%emt 0:01:43]} 19. Bg5 {[%emt 0:07:07]} Bf6 {[%emt 0:02:09]} 20. Bh6 {[%emt 0:01:45]} Bg7 {[%emt 0:01:04]} 21. Bf4 {[%emt 0:07:47]} Qd7 {[%emt 0:02:10]} 22. Kh2 {[%emt 0:05:16]} Qc6 {[%emt 0:03:44]} 23. Re7 {[%emt 0:06:25]} Bf6 {[%emt 0:03:15]} 24. Re2 {[%emt 0:00:39]} Rce8 {[%emt 0:02:10]} 25. Rbe1 {[%emt 0:01:04]} Rxe2 {[%emt 0:00:41]} 26. Qxe2 {[%emt 0:01:31]} Bc8 {[%emt 0:01:35]} 27. Bh6 {[%emt 0:01:06]} Rd8 {[%emt 0:01:32]} 28. Qf3 {[%emt 0:00:42]} Bf5 {[%emt 0:00:50]} 29. Rc1 {[%emt 0:07:43]} b5 {[%emt 0:10:33]} 30. Bd2 {[%emt 0:06:21]} Be5 {[%emt 0:01:27]} 31. Bh3 {[%emt 0:03:17]} Bxh3 {[%emt 0:01:32]} 32. Kxh3 {[%emt 0:01:24]} a4 {[%emt 0:01:30]} 33. Kg2 {[%emt 0:00:07]} Qf6 {[%emt 0:01:17]} 34. Qxf6 {[%emt 0:03:58]} Bxf6 {[%emt 0:00:02]} 35. Kf3 {[%emt 0:02:46]} Rc8 {[%emt 0:02:16]} 36. Bb4 {[%emt 0:01:49]} Kg7 {[%emt 0:04:44]} 37. Ke2 {[%emt 0:02:36]} g5 {[%emt 0:01:06]} 38. hxg5 {[%emt 0:00:58]} Bxg5 {[%emt 0:00:02]} 39. Bd2 {[%emt 0:01:58]} Kg6 {[%emt 0:02:45]} 40. Bxg5 {[%emt 0:00:00]} Kxg5 {[%emt 0:00:00]} 41. Kd2 {[%emt 0:02:40]} f5 {[%emt 0:02:53]} 42. Re1 {[%emt 0:05:30]} f4 {[%emt 0:03:29]} 43. Re5+ {[%emt 0:02:43]} Kg4 {[%emt 0:00:56]} 44. Rxd5 {[%emt 0:02:49]} fxg3 {[%emt 0:00:20]} 45. fxg3 {[%emt 0:01:22]} Rh8 {[%emt 0:00:19]} 46. Rxd4+ {[%emt 0:33:00]} Kxg3 {[%emt 0:00:26]} 47. Rd7 {[%emt 0:00:00]} h4 {[%emt 0:00:40]} 48. Rg7+ {[%emt 0:00:00]} Kf2 {[%emt 0:00:27]} 49. Rf7+ {[%emt 0:00:00]} Kg2 {[%emt 0:00:09]} 50. Rg7+ {[%emt 0:00:00]} Kf2 {[%emt 0:00:17]} 1/2-1/2

[Event "4th Batumi Cup 2018"]
[Site "Batumi"]
[Date "2018.07.05"]
[Round "4"]
[White "Chkhaidze, Nikoloz"]
[Black "Rahul Srivatshav P"]
[Result "1/2-1/2"]
[WhiteElo "2337"]
[BlackElo "2397"]
[Annotator "NA"]
[PlyCount "20"]
[EventDate "2018.07.03"]
[EventType "swiss"]
[EventCountry "GEO"]
[SourceTitle "playchess.com"]
[Source "ChessBase"]
[SourceQuality "1"]
[TimeControl "40/5400+30:1800+30"]

1. d4 {[%emt 0:02:17]} Nf6 {[%emt 0:00:00]} 2. c4 {[%emt 0:00:04]} g6 {[%emt 0:00:11]} 3. Nc3 {[%emt 0:00:03]} Bg7 {[%emt 0:00:20]} 4. e4 {[%emt 0:00:04]} d6 {[%emt 0:00:22]} 5. Nf3 {[%emt 0:00:04]} O-O {[%emt 0:00:28]} 6. Be2 {[%emt 0:00:04]} e5 {[%emt 0:00:38]} 7. d5 {[%emt 0:00:07]} a5 {[%emt 0:01:18]} 8. Bg5 {[%emt 0:00:16]} h6 {[%emt 0:01:54]} 9. Be3 {[%emt 0:00:15]} Ng4 {[%emt 0:03:37]} 10. Bd2 {[%emt 0:00:07]} Na6 {[%emt 0:01:15]} 1/2-1/2

[Event "4th Batumi Cup 2018"]
[Site "Batumi"]
[Date "2018.07.05"]
[Round "4"]
[White "Sanchez, Louis"]
[Black "Stepanyan, Eva"]
[Result "1-0"]
[WhiteElo "2290"]
[BlackElo "2096"]
[Annotator "NA"]
[PlyCount "65"]
[EventDate "2018.07.03"]
[EventType "swiss"]
[EventCountry "GEO"]
[SourceTitle "playchess.com"]
[Source "ChessBase"]
[SourceQuality "1"]
[TimeControl "40/5400+30:1800+30"]

1. Nf3 {[%emt 0:00:00]} d5 {[%emt 0:04:20]} 2. g3 {[%emt 0:00:05]} c6 {[%emt 0:00:09]} 3. Bg2 {[%emt 0:00:32]} Nf6 {[%emt 0:00:49]} 4. O-O {[%emt 0:00:51]} Bf5 {[%emt 0:00:19]} 5. c4 {[%emt 0:00:35]} e6 {[%emt 0:01:31]} 6. cxd5 {[%emt 0:00:31]} cxd5 {[%emt 0:01:05]} 7. Qb3 {[%emt 0:02:00]} Qc8 {[%emt 0:01:49]} 8. Nc3 {[%emt 0:01:41]} Nc6 {[%emt 0:01:21]} 9. d3 {[%emt 0:00:35] LiveBook: 65 Games} Be7 {[%emt 0:08:28]} 10. Bf4 {[%emt 0:01:05]} O-O {[%emt 0:01:19]} 11. Rac1 {[%emt 0:01:40]} Qd7 {[%emt 0:01:44]} 12. e4 {[%emt 0:14:25]} Bg6 $16 {[%emt 0:09:05]} 13. Ne5 {[%emt 0:05:02]} Nxe5 {[%emt 0:00:25]} 14. Bxe5 {[%emt 0:00:06]} Ng4 {[%emt 0:02:41]} 15. Bf4 {[%emt 0:01:21]} d4 {[%emt 0:11:30]} 16. Nb5 {[%emt 0:05:22]} a6 {[%emt 0:14:05]} 17. Nc7 {[%emt 0:12:58]} Rac8 {[%emt 0:02:18]} 18. Bh3 {[%emt 0:00:18]} Bd6 {[%emt 0:11:09]} 19. Nxe6 {[%emt 0:04:56]} Rxc1 {[%emt 0:04:47]} 20. Rxc1 {[%emt 0:08:49]} fxe6 {[%emt 0:03:51]} 21. Bxd6 {[%emt 0:02:08]} Qxd6 {[%emt 0:02:23]} 22. Bxg4 {[%emt 0:00:13]} Bf7 {[%emt 0:02:15]} 23. Qxb7 {[%emt 0:00:36]} e5 {[%emt 0:00:35]} 24. Rc6 {[%emt 0:09:22]} Qd8 {[%emt 0:14:02]} 25. Qxa6 {[%emt 0:10:43]} Qg5 {[%emt 0:00:00]} 26. Bf5 {[%emt 0:04:10]} g6 {[%emt 0:00:00]} 27. Bh3 {[%emt 0:00:46]} Qd2 {[%emt 0:00:00]} 28. Rc8 {[%emt 0:03:18]} Qxb2 {[%emt 0:00:00]} 29. Rxf8+ {[%emt 0:00:48]} Kxf8 {[%emt 0:00:00]} 30. a4 {[%emt 0:00:53]} Qc1+ {[%emt 0:00:00]} 31. Kg2 {[%emt 0:00:32]} Qc5 {[%emt 0:00:00]} 32. a5 {[%emt 0:01:59]} Kg7 {[%emt 0:00:00]} 33. Qb7 {[%emt 0:01:45]} 1-0

[Event "4th Batumi Cup 2018"]
[Site "Batumi"]
[Date "2018.07.05"]
[Round "4"]
[White "Akhvlediani, Irakli"]
[Black "Khalaji, Hanieh"]
[Result "1-0"]
[WhiteElo "2264"]
[BlackElo "2146"]
[Annotator "NA"]
[PlyCount "65"]
[EventDate "2018.07.03"]
[EventType "swiss"]
[EventCountry "GEO"]
[SourceTitle "playchess.com"]
[Source "ChessBase"]
[SourceQuality "1"]
[TimeControl "40/5400+30:1800+30"]

1. d4 {[%emt 0:00:00]} d5 {[%emt 0:15:41]} 2. Bf4 {[%emt 0:00:00]} Nf6 {[%emt 0:00:31]} 3. e3 {[%emt 0:00:00]} c6 {[%emt 0:00:34]} 4. c4 {[%emt 0:00:00]} Bf5 {[%emt 0:01:21]} 5. Nc3 {[%emt 0:00:31]} e6 {[%emt 0:00:06]} 6. Qb3 {[%emt 0:00:04]} Qb6 {[%emt 0:02:54]} 7. c5 {[%emt 0:00:06]} Qxb3 {[%emt 0:01:18] LiveBook: 41 Games} 8. axb3 {[%emt 0:00:04]} Nbd7 {[%emt 0:00:29]} 9. b4 {[%emt 0:00:21]} Nh5 {[%emt 0:04:00]} 10. Bc7 {[%emt 0:02:26]} Rc8 {[%emt 0:01:19]} 11. Rxa7 {[%emt 0:08:05]} (11. Be5 $5) 11... Rxc7 {[%emt 0:02:54]} 12. b5 {[%emt 0:07:47]} Kd8 {[%emt 0:03:41]} 13. b6 $11 {[%emt 0:01:15]} Nxb6 {[%emt 0:05:19]} 14. cxb6 {[%emt 0:00:18]} Rd7 {[%emt 0:16:57]} 15. Nf3 {[%emt 0:01:26]} f6 {[%emt 0:06:50]} 16. Be2 {[%emt 0:04:46]} g6 {[%emt 0:05:30]} 17. O-O {[%emt 0:03:23]} Bg4 {[%emt 0:03:21]} 18. Na4 {[%emt 0:07:25]} Bxf3 {[%emt 0:04:24]} 19. Bxf3 {[%emt 0:02:18]} Ke8 {[%emt 0:08:00]} 20. Ra1 {[%emt 0:06:52]} Kf7 {[%emt 0:01:28]} 21. Ra8 {[%emt 0:00:05]} Rg8 {[%emt 0:02:32]} 22. Nc5 {[%emt 0:01:53]} Bxc5 {[%emt 0:00:30]} 23. dxc5 {[%emt 0:00:04]} Ng7 {[%emt 0:03:25]} 24. Rxg8 {[%emt 0:01:36]} Kxg8 {[%emt 0:00:06]} 25. b4 {[%emt 0:02:09]} e5 {[%emt 0:03:16]} 26. b5 {[%emt 0:10:30]} Ne6 {[%emt 0:00:32]} 27. bxc6 {[%emt 0:00:06]} bxc6 {[%emt 0:00:06]} 28. Bxd5 {[%emt 0:00:30]} cxd5 {[%emt 0:02:08]} 29. Ra8+ {[%emt 0:00:22]} Kf7 {[%emt 0:01:57]} 30. c6 {[%emt 0:00:12]} Rd6 {[%emt 0:00:39]} 31. Ra7+ {[%emt 0:00:43]} Ke8 {[%emt 0:00:23]} 32. b7 {[%emt 0:00:16]} Rd8 {[%emt 0:00:17]} 33. Ra8 {[%emt 0:00:05]} 1-0

[Event "4th Batumi Cup 2018"]
[Site "Batumi"]
[Date "2018.07.05"]
[Round "4"]
[White "Khomeriki, Nino"]
[Black "Sindarov, Javokhir"]
[Result "*"]
[WhiteElo "2257"]
[BlackElo "2474"]
[Annotator "ChessBase"]
[PlyCount "42"]
[EventDate "2018.07.03"]
[EventType "swiss"]
[EventCountry "GEO"]
[SourceTitle "playchess.com"]
[Source "ChessBase"]
[SourceQuality "1"]
[TimeControl "40/5400+30:1800+30"]

1. d4 {[%emt 0:00:10]} Nf6 {[%emt 0:00:03]} 2. Bf4 {[%emt 0:01:07]} e6 {[%emt 0:03:45]} 3. e3 {[%emt 0:00:13]} d5 {[%emt 0:01:16]} 4. Nf3 {[%emt 0:00:21]} Bd6 {[%emt 0:01:11]} 5. Ne5 {[%emt 0:02:07]} O-O {[%emt 0:01:34]} 6. Nd2 {[%emt 0:00:17]} c5 {[%emt 0:01:04]} 7. c3 {[%emt 0:00:32]} b6 {[%emt 0:09:40]} 8. Bd3 {[%emt 0:01:45]} Ba6 {[%emt 0:04:45]} 9. Qe2 {[%emt 0:01:47]} Bxd3 {[%emt 0:01:29]} 10. Qxd3 {[%emt 0:00:03]} Qc7 {[%emt 0:01:41]} 11. Bg3 {[%emt 0:01:01]} Nc6 {[%emt 0:04:18]} 12. f4 {[%emt 0:02:10]} a6 {[%emt 0:14:28]} 13. Bh4 {[%emt 0:00:49]} Nd7 {[%emt 0:03:52]} 14. O-O {[%emt 0:02:17]} f6 {[%emt 0:09:10]} 15. Nef3 {[%emt 0:04:57]} cxd4 {[%emt 0:10:38]} 16. cxd4 {[%emt 0:03:25]} Nb4 {[%emt 0:02:46]} 17. Qe2 {[%emt 0:01:40]} Qc2 {[%emt 0:02:02]} 18. Rfb1 {[%emt 0:12:46]} Rac8 {[%emt 0:04:32]} 19. Ne1 {[%emt 0:02:13]} Qg6 {[%emt 0:03:04]} 20. Rc1 {[%emt 0:01:28]} b5 {[%emt 0:01:19]} 21. a3 {[%emt 0:01:14]} Nc6 {[%emt 0:00:00]} *